000 00361nam a22001217a 4500
999 _c9853
_d9853
003 OSt
008 201203b ||||| |||| 00| 0 eng d
245 _aIIMS Journal of Management Science
250 _a2017(Jan-Apr Vol.8 No.1, May-Aug Vol.8 No.2, Sep-Dec Vol.8 No.3)
260 _bDiva Enterprises Pvt. Ltd.
_aNew Delhi
650 _aManagement
942 _2ddc
_cBV